000 00713nam a2200289Ia 4500
005 20260324120608.0
008 008 260324s9999 xx 000 0 eng d
020 _a9780429256653
037 _aEBOOK
040 _aCRL
040 _beng
040 _cCRL
041 _2eng
041 _aeng
084 _qCRL
100 _aMichele Companion
_91159197
245 0 _aDisaster's Impact on Livelihood and Cultural Survival
245 0 _bLosses, Opportunities, and Mitigation
260 _bTaylor and Francis
260 _c2015
365 _a
365 _b230
856 _uhttp://www.taylorfrancis.com/books/9780429256653
942 _cEBOOK
999 _c1750813
_d1750813